Catalog

Record Details

Catalog Search



Available copies

  • 1 of 1 copy available at LARL/NWRL Consortium.
  • 1 of 1 copy available at Lake Agassiz Regional Library. (Show preferred library)

Current holds

0 current holds with 1 total copy.

Show Only Available Copies
Location Call Number / Copy Notes Barcode Shelving Location Status Due Date
Moorhead Public Library FIT (Text) 33500011601705 Main Available -

Record details

  • ISBN: 9781620401118
  • ISBN: 1620401118
  • Physical Description: 312 p. ; 25 cm.
  • Edition: 1st U.S. ed.
  • Publisher: New York : Bloomsbury, 2013.

Content descriptions

Summary, etc.:
"In the latest Commissario Alec Blume novel, our ... Read More
Subject: Police > Italy > Rome > Fiction.
Murder > Investigation > Fiction.
College teachers > Italy > Rome > Fiction.
Rome (Italy) > Fiction.
Genre: Mystery fiction.
LDR 02538cam a2200385Ia 4500
001157912
003LARL_NWRL_CONSORTIUM
00520131016110724.0
008120921s2013 nyu 000 1 eng d
0167 . ‡a016233714 ‡2Uk
020 . ‡a9781620401118
020 . ‡a1620401118
035 . ‡a(OCoLC)810534049
043 . ‡ae-it---
08204. ‡a823/.914 ‡223
1001 . ‡aFitzgerald, Conor.
24514. ‡aThe memory key ‡n#4 / ‡cConor Fitzgerald.
250 . ‡a1st U.S. ed.
260 . ‡aNew York : ‡bBloomsbury, ‡c2013.
300 . ‡a312 p. ; ‡c25 cm.
4900 . ‡aCommissario Alec Blume; ‡v4
520 . ‡a"In the latest Commissario Alec Blume novel, our hero is called in by old friend magistrate Principe to "shadow" an investigation into the attempted murder of a former fascist terrorist responsible for a public bombing thirty years earlier. This investigation is adjacent to another: the murder of a young woman on the university campus of Rome. The apparent link between these two crimes is an articulate, learned, and thoroughly crazy professor called Pitagora, who teaches both literature and a system enigmatic memory techniques. Professor Pitagora is up-front about his political beliefs, but could his strange psychological program be masking something important? All the investigators know the two crimes form part of the same nexus, but Blume believes he can find clues through the Professor. If only he were actually assigned to this case...Meanwhile, Blume has been living with Caterina and not finding it easy--or rather, poor old Caterina is not finding it easy living with him. Will the strains in their relationship lead Blume astray? And can he successfully navigate the ranks of his distrustful colleagues, a rocky relationship, and a high-profile investigation--all without crossing the line?"--Publisher's statement on Amazon.
650 0. ‡aPolice ‡zItaly ‡zRome ‡vFiction. ‡0(LARL_NWRL_CONSORTIUM)174195
650 0. ‡aMurder ‡xInvestigation ‡vFiction. ‡0(LARL_NWRL_CONSORTIUM)166203
650 0. ‡aCollege teachers ‡zItaly ‡zRome ‡vFiction.
651 0. ‡aRome (Italy) ‡vFiction. ‡0(LARL_NWRL_CONSORTIUM)167126
655 7. ‡aMystery fiction. ‡2gsafd
901 . ‡a157912 ‡bOCLC ‡c157912 ‡tbiblio

Additional Resources